Espectros de diseño del código sísmico de Costa Rica versión 2002 : una introducción al análisis
Zapisane w:
| 1. autor: | |
|---|---|
| Format: | Książka |
| Wydane: |
San José, C.R.
2002
|
| Hasła przedmiotowe: | |
| Etykiety: |
Dodaj etykietę
Nie ma etykietki, Dołącz pierwszą etykiete!
|
MARC
| LEADER | 00000nam a2200000Ia 4500 | ||
|---|---|---|---|
| 001 | 4583 | ||
| 003 | 009022 | ||
| 005 | 20221231144151.0 | ||
| 008 | 140114s2002 cr a m 000 ||s d | ||
| 040 | |c cru CEDI | ||
| 100 | |a Ulloa, Rubén Leandro |9 7191 | ||
| 245 | |a Espectros de diseño del código sísmico de Costa Rica versión 2002 : una introducción al análisis | ||
| 260 | |c 2002 |a San José, C.R. | ||
| 300 | |a xviii, 204 páginas : ilustraciones a color | ||
| 500 | |a Tesis (magister scientiae en ingenería civil)--Universidad de Costa Rica. Sistema de Estudios de Posgrado | ||
| 650 | |x CODIGO SISMICO |x ANALISIS ESPECTRAL |x DUCTILIDAD |x SISMOMETRIA |x BASES DE DATOS |x RESISTENCIA A LOS TERREMOTOS |x DISEÑO DE ESTRUCTURAS |x SISMOLOGIA |x COSTA RICA |9 7192 | ||
| 942 | |c TFG | ||
| 999 | |c 17862 |d 17862 | ||
